[Event "Zirndorf Cup"]
[Site "Zirndorf"]
[Date "2017.09.01"]
[Round "4"]
[White "Seyb, Alexander"]
[Black "Pedersen, Martin Rosenkilde"]
[Result "1/2-1/2"]
[WhiteElo "2420"]
[BlackElo "2132"]
[PlyCount "37"]
[EventDate "2017.08.30"]
[EventType "swiss"]
[EventRounds "7"]
[EventCountry "GER"]
[SourceTitle "CBM 180 Extra"]
[Source "ChessBase"]
[SourceDate "2017.10.06"]
[SourceVersion "1"]
[SourceVersionDate "2017.10.06"]
[SourceQuality "1"]

1. e4 e5 2. Nf3 Nc6 3. Bb5 a6 4. Ba4 Nf6 5. 0-0 Be7 6. Re1 b5 7. Bb3 d6 8. c3 0-0 9. a4 Bg4 10. h3 Bxf3 11. Qxf3 Na5 12. Bd1 c5 13. d3 b4 14. cxb4 cxb4 15. Nd2 Nd7 16. Bb3 Bg5 17. Bd5 Rc8 18. Nb3 Nxb3 19. Bxb3 1/2-1/2

[Event "Zirndorf Cup"]
[Site "Zirndorf"]
[Date "2017.08.30"]
[Round "1"]
[White "Pedersen, Martin Rosenkilde"]
[Black "Braun, Kristin"]
[Result "1/2-1/2"]
[WhiteElo "2132"]
[BlackElo "1834"]
[PlyCount "60"]
[EventDate "2017.08.30"]
[EventType "swiss"]
[EventRounds "7"]
[EventCountry "GER"]
[SourceTitle "CBM 180 Extra"]
[Source "ChessBase"]
[SourceDate "2017.10.06"]
[SourceVersion "1"]
[SourceVersionDate "2017.10.06"]
[SourceQuality "1"]

1. e4 c5 2. c3 d5 3. exd5 Qxd5 4. d4 Nf6 5. Nf3 Bg4 6. dxc5 Qxd1+ 7. Kxd1 e5 8. b4 e4 9. h3 Bh5 10. g4 Nxg4 11. hxg4 Bxg4 12. Nbd2 Nc6 13. Kc2 exf3 14. Bb5 0-0-0 15. Nc4 Bf5+ 16. Kb2 Be7 17. Bxc6 bxc6 18. Ne5 Bf6 19. Nxf7 Rd3 20. Nd6+ Rxd6 21. cxd6 Kd7 22. Be3 a5 23. a3 Bd3 24. Rad1 Be2 25. Rd2 g5 26. Rh6 Bg7 27. Bxg5 axb4 28. axb4 Bxh6 29. Bxh6 Re8 30. Kc2 Re6 1/2-1/2

[Event "DEN-chT 1617 55th"]
[Site "Denmark"]
[Date "2017.03.18"]
[Round "8.1"]
[White "Pedersen, Martin Rosenkilde"]
[Black "Andersen, Jan Ivan"]
[Result "1/2-1/2"]
[WhiteElo "2121"]
[BlackElo "2222"]
[PlyCount "57"]
[EventDate "2016.10.29"]
[EventType "team-tourn"]
[EventRounds "9"]
[EventCountry "DEN"]
[SourceTitle "EXT 2018"]
[Source "ChessBase"]
[SourceDate "2017.10.13"]
[SourceVersion "1"]
[SourceVersionDate "2017.10.13"]
[SourceQuality "1"]
[WhiteTeam "Hillerod"]
[BlackTeam "Philidor"]
[WhiteTeamCountry "DEN"]
[BlackTeamCountry "DEN"]

1. e4 c5 2. c3 Nf6 3. e5 Nd5 4. g3 Qc7 5. f4 b6 6. Bg2 Bb7 7. Qe2 e6 8. d3 d6 9. Nf3 Nd7 10. 0-0 Be7 11. a3 b5 12. c4 bxc4 13. dxc4 N5b6 14. exd6 Qxd6 15. Rd1 Qc7 16. Nc3 0-0 17. b3 Rad8 18. Bb2 Nf6 19. Nb5 Qb8 20. Be5 Qa8 21. Bc7 Rxd1+ 22. Rxd1 a6 23. Nd6 Bxd6 24. Bxd6 Rc8 25. Be5 Nbd7 26. Ba1 Bc6 27. Qd3 Be4 28. Qc3 Bc6 29. Ne1 1/2-1/2

[Event "DEN-chT 1617 55th"]
[Site "Denmark"]
[Date "2017.01.07"]
[Round "4.4"]
[White "Tettinek, Michael"]
[Black "Pedersen, Martin Rosenkilde"]
[Result "0-1"]
[WhiteElo "2018"]
[BlackElo "2121"]
[PlyCount "66"]
[EventDate "2016.10.29"]
[EventType "team-tourn"]
[EventRounds "9"]
[EventCountry "DEN"]
[SourceTitle "EXT 2018"]
[Source "ChessBase"]
[SourceDate "2017.10.13"]
[SourceVersion "1"]
[SourceVersionDate "2017.10.13"]
[SourceQuality "1"]
[WhiteTeam "Aarhus/Skolerne"]
[BlackTeam "Hillerod"]
[WhiteTeamCountry "DEN"]
[BlackTeamCountry "DEN"]

1. d4 Nf6 2. Nf3 c5 3. c3 g6 4. Bf4 b6 5. Nbd2 Bg7 6. h3 0-0 7. e3 d5 8. Ne5 Bb7 9. Be2 Nc6 10. Ndf3 Nd7 11. Nxd7 Qxd7 12. 0-0 c4 13. Re1 b5 14. Bf1 Rfe8 15. e4 dxe4 16. Rxe4 Qf5 17. Qb1 Nd8 18. Nd2 Bxe4 19. Qxe4 Qxe4 20. Nxe4 f5 21. Nc5 e5 22. dxe5 Bxe5 23. Be3 Ne6 24. g3 Nxc5 25. Bxc5 a6 26. f4 Rac8 27. Bf2 Bd6 28. Kg2 Bc5 29. a4 Bxf2 30. Kxf2 Rcd8 31. axb5 Rd2+ 32. Kf3 axb5 33. Ra6 Re1 0-1

[Event "Hillerod Nordea Cup A"]
[Site "Hillerod"]
[Date "2014.04.29"]
[Round "4"]
[White "Pedersen, Christopher RNH"]
[Black "Pedersen, Martin Rosenkilde"]
[Result "1/2-1/2"]
[WhiteElo "2059"]
[BlackElo "2144"]
[PlyCount "77"]
[EventDate "2014.04.29"]
[EventType "tourn"]
[EventRounds "7"]
[EventCountry "DEN"]
[SourceTitle "EXT 2024"]
[Source "ChessBase"]
[SourceDate "2023.10.10"]
[SourceVersion "1"]
[SourceVersionDate "2023.10.10"]
[SourceQuality "1"]

1. e4 g6 2. d4 Nf6 3. Nc3 d5 4. e5 Ne4 5. Nce2 f6 6. f3 Ng5 7. Bxg5 fxg5 8. h4 gxh4 9. Rxh4 e6 10. Rh1 c5 11. c3 cxd4 12. cxd4 Nc6 13. Nc3 Qg5 14. Nge2 Qe3 15. f4 Bb4 16. Rh3 Qe4 17. Qd2 Qf5 18. Ng3 Qf7 19. Be2 Bd7 20. Nh5 Be7 21. Nb5 0-0 22. Nd6 Bxd6 23. Nf6+ Qxf6 24. exf6 Bb4 25. Rc3 Rxf6 26. 0-0-0 Rc8 27. Kb1 Bxc3 28. bxc3 Na5 29. g3 Nc4 30. Bxc4 dxc4 31. Re1 Bc6 32. Re5 Bd5 33. Qb2 Rf7 34. Qa3 b5 35. Qd6 a5 36. a3 Kg7 37. Qa6 Ra8 38. Qd6 Re8 39. Qa6 1/2-1/2

[Event "Hillerod op"]
[Site "Hillerod"]
[Date "2014.??.??"]
[Round "7"]
[White "Pedersen, Martin Rosenkilde"]
[Black "Andersen, Ib Hother"]
[Result "1-0"]
[WhiteElo "2134"]
[BlackElo "2128"]
[PlyCount "75"]
[EventDate "2014.08.26"]
[EventType "swiss"]
[EventRounds "7"]
[EventCountry "DEN"]
[SourceTitle "EXT 2024"]
[Source "ChessBase"]
[SourceDate "2023.10.10"]
[SourceVersion "1"]
[SourceVersionDate "2023.10.10"]
[SourceQuality "1"]

1. e4 e5 2. Nf3 Nc6 3. Bb5 a6 4. Ba4 Nf6 5. Qe2 b5 6. Bb3 Bc5 7. c3 d6 8. d3 h6 9. Be3 Bxe3 10. fxe3 0-0 11. 0-0 Ne7 12. Nh4 d5 13. exd5 Nfxd5 14. Nd2 Be6 15. Ne4 f6 16. d4 Qe8 17. Nc5 Bf7 18. Rae1 Kh8 19. Qg4 Qc6 20. Nf5 Nxf5 21. Qxf5 Ne7 22. Qd7 Bxb3 23. axb3 Qxd7 24. Nxd7 Rfd8 25. Nc5 Ng6 26. Ra1 Rd6 27. Ra5 exd4 28. exd4 Re8 29. g3 Re2 30. Rf2 Re1+ 31. Kg2 b4 32. Rxa6 Rd5 33. Nd3 Rd1 34. Nxb4 Rg5 35. Rc6 Nh4+ 36. Kh3 Nf5 37. Rc5 Rh5+ 38. Kg2 1-0

[Event "Hillerod op"]
[Site "Hillerod"]
[Date "2014.??.??"]
[Round "5"]
[White "Pedersen, Martin Rosenkilde"]
[Black "Petersen, Peter Birk"]
[Result "0-1"]
[WhiteElo "2134"]
[BlackElo "2135"]
[PlyCount "84"]
[EventDate "2014.08.26"]
[EventType "swiss"]
[EventRounds "7"]
[EventCountry "DEN"]
[SourceTitle "EXT 2024"]
[Source "ChessBase"]
[SourceDate "2023.10.10"]
[SourceVersion "1"]
[SourceVersionDate "2023.10.10"]
[SourceQuality "1"]

1. e4 c5 2. c3 d5 3. exd5 Qxd5 4. d4 g6 5. Nf3 Bg7 6. Na3 cxd4 7. Bc4 Qe4+ 8. Be3 Nh6 9. cxd4 0-0 10. Nb5 Na6 11. 0-0 Bg4 12. Bd3 Qd5 13. Nc3 Qd7 14. h3 Bxf3 15. Qxf3 Nb4 16. Bb5 Qd6 17. Qxb7 Nf5 18. Rad1 Nc2 19. Qe4 Ncxe3 20. fxe3 Ng3 21. Qf3 Nxf1 22. Rxf1 Rab8 23. b3 Qb4 24. Qc6 Rfc8 25. Nd5 Rxc6 26. Nxb4 Re6 27. a4 Rxe3 28. Nc6 Rb7 29. Bc4 e6 30. d5 exd5 31. Bxd5 Rd7 32. Bc4 Bf8 33. Kh1 Kg7 34. a5 f5 35. a6 Bc5 36. b4 Bb6 37. b5 Rd2 38. Rc1 f4 39. Bf1 f3 40. g3 Ra3 41. Ne5 Raa2 42. Nxf3 Rf2 0-1

[Event "Copenhagen Obro New Year op"]
[Site "Copenhagen"]
[Date "2013.12.30"]
[Round "7"]
[White "Thuesen, Mogens Henrik"]
[Black "Pedersen, Martin Rosenkilde"]
[Result "1-0"]
[WhiteElo "2229"]
[BlackElo "2176"]
[PlyCount "81"]
[EventDate "2013.12.27"]
[EventType "swiss"]
[EventRounds "7"]
[EventCountry "DEN"]
[SourceTitle "EXT 2018"]
[Source "ChessBase"]
[SourceDate "2017.10.13"]
[SourceVersion "1"]
[SourceVersionDate "2017.10.13"]
[SourceQuality "1"]

1. d4 Nf6 2. Nf3 e6 3. g3 b5 4. Bg2 Bb7 5. 0-0 Be7 6. Re1 c5 7. c3 0-0 8. Nbd2 d5 9. Ne5 Nc6 10. Ndf3 Nd7 11. Nxc6 Bxc6 12. h4 Qb6 13. Bf4 b4 14. h5 h6 15. Kh1 Rac8 16. g4 bxc3 17. bxc3 cxd4 18. cxd4 Nf6 19. Ne5 Ne4 20. Bxe4 dxe4 21. e3 Qb2 22. Re2 Qa3 23. Qg1 f6 24. Ng6 Bb5 25. Rb2 Qxb2 26. Nxe7+ Kh7 27. Nxc8 Rxc8 28. Rb1 Qe2 29. Kh2 Rc2 30. a3 Bd3 31. Kh3 Ra2 32. Bg3 Rxa3 33. Qd1 Qa2 34. Rb7 Ba6 35. Rc7 Be2 36. Qc1 Bf3 37. Rxg7+ Kxg7 38. Qc7+ Kg8 39. Qd8+ Kf7 40. Bd6 Qxf2 41. Qf8# 1-0

[Event "Horsens Lang Weekend op"]
[Site "Horsens"]
[Date "2013.07.20"]
[Round "5"]
[White "Andersen, Finn"]
[Black "Pedersen, Martin Rosenkilde"]
[Result "1/2-1/2"]
[WhiteElo "2039"]
[BlackElo "2180"]
[PlyCount "31"]
[EventDate "2013.07.18"]
[EventType "swiss"]
[EventRounds "7"]
[EventCountry "DEN"]
[SourceTitle "CBM 155 Extra"]
[Source "ChessBase"]
[SourceDate "2013.08.26"]
[SourceVersion "1"]
[SourceVersionDate "2013.08.26"]
[SourceQuality "1"]

1. e4 c5 2. Nf3 e6 3. d3 Nc6 4. c3 g6 5. Be2 Bg7 6. 0-0 Nge7 7. Re1 0-0 8. Nbd2 d5 9. Bf1 Re8 10. a3 b6 11. g3 Ba6 12. e5 Qc7 13. Qe2 Rab8 14. Bg2 b5 15. b4 cxb4 16. cxb4 1/2-1/2

[Event "DEN-ch1A"]
[Site "Helsingor"]
[Date "2013.03.25"]
[Round "4"]
[White "Sigeman, Johan"]
[Black "Pedersen, Martin Rosenkilde"]
[Result "1/2-1/2"]
[WhiteElo "2161"]
[BlackElo "2173"]
[PlyCount "43"]
[EventDate "2013.03.23"]
[EventType "swiss"]
[EventRounds "5"]
[EventCountry "DEN"]
[SourceTitle "EXT 2014"]
[Source "ChessBase"]
[SourceDate "2013.11.20"]
[SourceVersion "1"]
[SourceVersionDate "2013.11.20"]
[SourceQuality "1"]

1. c4 f5 2. Nc3 Nf6 3. g3 d6 4. Bg2 g6 5. d3 Bg7 6. e4 fxe4 7. dxe4 c5 8. Nge2 0-0 9. 0-0 Nc6 10. b3 e5 11. Bg5 Be6 12. Nd5 Qd7 13. Qd2 Rf7 14. Rad1 Nd4 15. Nxd4 cxd4 16. f3 Kh8 17. Bxf6 Bxf6 18. Nxf6 Rxf6 19. Qg5 Kg7 20. Qd2 h6 21. Rc1 b6 22. Qd3 1/2-1/2

[Event "DEN-chT 1112 50th"]
[Site "Denmark"]
[Date "2012.03.11"]
[Round "9.4"]
[White "Pedersen, Martin Rosenkilde"]
[Black "Bromann, Thorbjorn"]
[Result "0-1"]
[WhiteElo "2186"]
[BlackElo "2385"]
[PlyCount "90"]
[EventDate "2011.10.29"]
[EventType "team-tourn"]
[EventRounds "9"]
[EventCountry "DEN"]
[SourceTitle "EXT 2013"]
[Source "ChessBase"]
[SourceDate "2012.11.22"]
[SourceVersion "1"]
[SourceVersionDate "2012.11.22"]
[SourceQuality "1"]
[WhiteTeam "Hillerod"]
[BlackTeam "Bronshoj"]
[WhiteTeamCountry "DEN"]
[BlackTeamCountry "DEN"]

1. e4 g6 2. d4 Bg7 3. Nc3 d6 4. Bg5 a6 5. Nf3 b5 6. Bd3 Nd7 7. a4 b4 8. Ne2 c5 9. c3 a5 10. 0-0 Bb7 11. Ng3 Qb6 12. Bb5 Bc6 13. Bxc6 Qxc6 14. Re1 h6 15. Bd2 Qb6 16. e5 cxd4 17. cxd4 d5 18. e6 fxe6 19. Qe2 Kf7 20. h4 Qa6 21. Qe3 Ngf6 22. Qf4 Kg8 23. h5 g5 24. Qe3 Kf7 25. Rac1 Rhc8 26. Rxc8 Rxc8 27. Ne5+ Nxe5 28. dxe5 Nd7 29. f4 Qb6 30. fxg5 Qxe3+ 31. Bxe3 Bxe5 32. Rf1+ Kg8 33. Ne2 Bxb2 34. gxh6 e5 35. h7+ Kg7 36. h6+ Kg6 37. Rf3 e4 38. Rf2 e5 39. Ng3 Bd4 40. Bxd4 exd4 41. Rc2 Rd8 42. Rc6+ Kxh7 43. Rd6 b3 44. Rxd5 b2 45. Rb5 Rb8 0-1

[Event "DEN-ch"]
[Site "Silkeborg"]
[Date "2009.04.08"]
[Round "5"]
[White "Rewitz, Poul"]
[Black "Pedersen, Martin Rosenkilde"]
[Result "1-0"]
[WhiteElo "2263"]
[BlackElo "2204"]
[PlyCount "107"]
[EventDate "2009.04.04"]
[EventType "swiss"]
[EventRounds "9"]
[EventCountry "DEN"]
[SourceTitle "CBM 129 Extra"]
[Source "ChessBase"]
[SourceDate "2009.05.05"]
[SourceVersion "2"]
[SourceVersionDate "2009.05.20"]
[SourceQuality "1"]

1. d4 f5 2. g4 d5 3. g5 e6 4. h4 c5 5. c3 Nc6 6. Nf3 cxd4 7. cxd4 Bd6 8. Nc3 Nge7 9. Bg2 Bd7 10. a3 a6 11. h5 Qc7 12. Bd2 Qb6 13. Na4 Qa7 14. Bc3 b6 15. b4 0-0 16. Nb2 Rac8 17. Rc1 a5 18. Nd3 axb4 19. axb4 Qa6 20. h6 g6 21. Qd2 Qb5 22. 0-0 Rc7 23. Ra1 Rfc8 24. Rfc1 Nd8 25. Nfe5 Nf7 26. f4 Kf8 27. Bf1 Bxe5 28. dxe5 d4 29. Bxd4 Qd5 30. e3 Bc6 31. Bg2 Qb5 32. Bxc6 Nxc6 33. Kf2 Nxd4 34. exd4 Qd5 35. Rxc7 Rxc7 36. Ne1 Rc4 37. Nf3 Nd8 38. Rc1 Nc6 39. Rxc4 Qxc4 40. Qb2 Nxb4 41. Qa3 Ke8 42. Qa8+ Kd7 43. Qb7+ Qc7 44. Qxc7+ Kxc7 45. Nh4 Kd7 46. Nxg6 Ke8 47. Ne7 Kf7 48. d5 Nd3+ 49. Ke3 Nc5 50. dxe6+ Nxe6 51. Nxf5 Nc5 52. Nd4 Kg6 53. e6 b5 54. f5+ 1-0

[Event "Baltic Sea Cup"]
[Site "Ronne"]
[Date "2007.08.05"]
[Round "9.28"]
[White "Tallaksen, Levi Andre"]
[Black "Pedersen, Martin Rosenkilde"]
[Result "1/2-1/2"]
[WhiteElo "2037"]
[BlackElo "2163"]
[PlyCount "32"]
[EventDate "2007.07.30"]
[EventType "swiss"]
[EventRounds "9"]
[EventCountry "DEN"]
[SourceTitle "EXT 2023"]
[Source "ChessBase"]
[SourceDate "2022.10.05"]
[SourceVersion "1"]
[SourceVersionDate "2022.10.05"]
[SourceQuality "1"]

1. d4 Nf6 2. Nf3 e6 3. c4 b6 4. a3 Ba6 5. Qc2 Bb7 6. Nbd2 d5 7. e3 Be7 8. Be2 c5 9. 0-0 0-0 10. Rd1 Qc7 11. cxd5 exd5 12. b3 Nc6 13. Bb2 Rac8 14. Rac1 Rfd8 15. dxc5 bxc5 16. b4 cxb4 1/2-1/2

[Event "Baltic Sea Cup"]
[Site "Ronne"]
[Date "2007.08.03"]
[Round "7.29"]
[White "Johansen, Johnny Holler"]
[Black "Pedersen, Martin Rosenkilde"]
[Result "1/2-1/2"]
[WhiteElo "2058"]
[BlackElo "2163"]
[PlyCount "156"]
[EventDate "2007.07.30"]
[EventType "swiss"]
[EventRounds "9"]
[EventCountry "DEN"]
[SourceTitle "EXT 2023"]
[Source "ChessBase"]
[SourceDate "2022.10.05"]
[SourceVersion "1"]
[SourceVersionDate "2022.10.05"]
[SourceQuality "1"]

1. e4 c5 2. Nf3 e6 3. d4 cxd4 4. Nxd4 Nc6 5. Nc3 Qc7 6. Be3 a6 7. Be2 Nf6 8. 0-0 Bb4 9. f3 0-0 10. Nb3 Bxc3 11. bxc3 d5 12. Bd3 dxe4 13. fxe4 e5 14. Qe1 Ne8 15. Rd1 b6 16. Nd2 Nd6 17. Qf2 Rb8 18. Rb1 b5 19. Qg3 f6 20. c4 Be6 21. Bc5 b4 22. Rf3 a5 23. Nf1 Ne7 24. Bxd6 Qxd6 25. Ne3 Qd4 26. Kh1 Nc8 27. Nd5 Bxd5 28. cxd5 Nd6 29. Rbf1 Nxe4 30. Qh4 Ng5 31. Qxd4 exd4 32. Rf4 Nf7 33. Rxd4 Nd6 34. Rh4 g6 35. Rhf4 Kg7 36. Kg1 Rbe8 37. Kf2 Re5 38. Rd4 Rc8 39. a3 Nf5 40. Bxf5 Rxf5+ 41. Kg1 Rxf1+ 42. Kxf1 bxa3 43. Ra4 Rxc2 44. Rxa3 Rc5 45. Rd3 Kf7 46. d6 Ke8 47. d7+ Kd8 48. Rd6 f5 49. Kf2 Rc7 50. Ra6 Kxd7 51. Rxa5 Ke6 52. h4 Kf6 53. Kf3 Rc3+ 54. Kf2 f4 55. Rb5 h6 56. Ra5 Rg3 57. Rb5 h5 58. Rb1 Kf5 59. Ra1 Kg4 60. Rh1 Ra3 61. Rh2 Ra2+ 62. Kf1 Rb2 63. Rh3 Rd2 64. Rh2 Rd3 65. Kf2 Ra3 66. Ke2 Kf5 67. Kf2 Rc3 68. Ke2 Kg4 69. Kf2 Rc2+ 70. Kf1 Rc3 71. Kf2 g5 72. hxg5 Kxg5 73. Rh1 Kg4 74. Ra1 Rc2+ 75. Kf1 f3 76. gxf3+ Kg3 77. Kg1 h4 78. f4 Kxf4 1/2-1/2

[Event "Baltic Sea Cup"]
[Site "Ronne"]
[Date "2007.08.01"]
[Round "3.14"]
[White "Matthiesen, Martin"]
[Black "Pedersen, Martin Rosenkilde"]
[Result "1/2-1/2"]
[WhiteElo "2363"]
[BlackElo "2163"]
[PlyCount "75"]
[EventDate "2007.07.30"]
[EventType "swiss"]
[EventRounds "9"]
[EventCountry "DEN"]
[SourceTitle "EXT 2023"]
[Source "ChessBase"]
[SourceDate "2022.10.05"]
[SourceVersion "1"]
[SourceVersionDate "2022.10.05"]
[SourceQuality "1"]

1. d4 Nf6 2. c4 e6 3. Nf3 b6 4. g3 Ba6 5. b3 Bb7 6. Bg2 Bb4+ 7. Bd2 a5 8. 0-0 0-0 9. Qc2 d6 10. Nc3 Nbd7 11. Rfe1 Bxc3 12. Bxc3 Be4 13. Qb2 c6 14. Bh3 d5 15. Nd2 Bg6 16. a4 Qb8 17. Bg2 Rc8 18. e4 b5 19. Qa2 bxc4 20. bxc4 dxe4 21. Nxe4 Bxe4 22. Bxe4 Nxe4 23. Rxe4 c5 24. d5 exd5 25. cxd5 Qd6 26. Rd1 Rd8 27. Qd2 Nf6 28. Re5 h6 29. Qf4 Qd7 30. d6 Re8 31. Rxc5 Ne4 32. Rc7 Qxc7 33. dxc7 Nxc3 34. Rd2 Ne2+ 35. Rxe2 Rxe2 36. Qf5 Ree8 37. Qc5 Kh8 38. h4 1/2-1/2

[Event "Baltic Sea Cup"]
[Site "Ronne"]
[Date "2007.08.01"]
[Round "4.18"]
[White "Pedersen, Martin Rosenkilde"]
[Black "Carstensen, Jacob"]
[Result "1/2-1/2"]
[WhiteElo "2163"]
[BlackElo "2304"]
[PlyCount "177"]
[EventDate "2007.07.30"]
[EventType "swiss"]
[EventRounds "9"]
[EventCountry "DEN"]
[SourceTitle "EXT 2023"]
[Source "ChessBase"]
[SourceDate "2022.10.05"]
[SourceVersion "1"]
[SourceVersionDate "2022.10.05"]
[SourceQuality "1"]

1. e4 c5 2. c3 Nf6 3. e5 Nd5 4. d4 cxd4 5. Nf3 Nc6 6. Bc4 Nb6 7. Bb3 d6 8. exd6 Qxd6 9. 0-0 Bf5 10. cxd4 e6 11. Nc3 Be7 12. d5 exd5 13. Nxd5 Nxd5 14. Qxd5 Qxd5 15. Bxd5 0-0 16. Bg5 Bxg5 17. Nxg5 h6 18. Nf3 Nb4 19. Bc4 Rac8 20. b3 a6 21. Nd4 Bg6 22. Rfd1 Rfd8 23. a3 Rxd4 24. Rxd4 Nc2 25. Rc1 Nxd4 26. Bxf7+ Kxf7 27. Rxc8 Ne6 28. f3 Ke7 29. Kf2 Kd7 30. Rc3 Nd4 31. b4 Nb5 32. Re3 Nd6 33. Rc3 Nb5 34. Re3 Bf7 35. f4 Bd5 36. g4 Nd6 37. Rd3 Be4 38. Rd1 Ke6 39. h4 g6 40. Ke3 Bc6 41. Ra1 h5 42. Rg1 hxg4 43. Rxg4 Kf6 44. Kd3 Nb5 45. a4 Nd6 46. a5 Nf5 47. Ke2 Bd7 48. Kd3 Bb5+ 49. Kd2 Nd4 50. Rg3 Ne6 51. Ke3 Ng7 52. Rg4 Bd7 53. f5 gxf5 54. Rc4 Ne6 55. Rc1 Bc6 56. Rg1 f4+ 57. Kf2 f3 58. Rg8 Ng7 59. Rc8 Ne6 60. b5 Bxb5 61. Kxf3 Nd4+ 62. Kf4 Nc6 63. Rc7 Nxa5 64. h5 Be8 65. h6 Bg6 66. h7 Bxh7 67. Rxh7 Ke6 68. Ke4 Kd6 69. Kd3 Kc5 70. Kc3 b5 71. Rh5+ Kb6 72. Rh6+ Nc6 73. Kb3 a5 74. Rg6 Kc7 75. Rg7+ Kd6 76. Rg5 Ne5 77. Rg8 Kd5 78. Ra8 Nc6 79. Rh8 Nd4+ 80. Kc3 b4+ 81. Kd3 Nc6 82. Rh5+ Ne5+ 83. Kc2 a4 84. Rh8 Nc4 85. Ra8 b3+ 86. Kc3 b2 87. Kc2 a3 88. Rxa3 Nxa3+ 89. Kxb2 1/2-1/2